00778nam a2200229Ia 4500003000400000005001700004006001800021007000300039008004100042024001100083037001100094040001800105041001300123100001600136110008500152245014800237260000900385300001800394650002100412700003000433700008500463OSt20220930081848.0a|||||r|||| 00| 0ta220926b |||||||| |||| 00| 0 eng d a109177 cTheses aCRLcCRLbeng 2engaeng aGupta Nitin aUniversity of Delhi. Faculty of Medical Sciences. Department of Gastroenterology 0aComparative study of norfloxacin and probiotics on portal pressure in patients with cirrhosis and large varices who have never bled in the past c2009 a81p.ap.ccm. aGASTROENTEROLOGY a Dr. Shiv Kumar Sarin Gu. aUniversity of Delhi. Faculty of Medical Sciences. Department of Gastroenterology